[Event "XIV Festival A"]
[Site "Trieste ITA"]
[Date "2012.09.07"]
[Round "8"]
[White "Erwich, Frank A.S."]
[Black "Rombaldoni, Axel"]
[WhiteElo "2359"]
[BlackElo "2458"]
[Result "1/2-1/2"]
[PlyCount "157"]
[EventDate "2012.09.01"]

1. c4 e5 2. g3 Nf6 3. Bg2 d5 4. cxd5 Nxd5 5. Nc3 Ne7 6. Nf3 Nbc6 7. b4 a6 8.
O-O g6 9. a4 Bg7 10. Ba3 O-O 11. b5 Nd4 12. Ng5 axb5 13. axb5 Rb8 14. Nge4 b6
15. Bxe7 Qxe7 16. e3 Ne6 17. Nd5 Qd8 18. Nb4 Bd7 19. Nc3 e4 20. Bxe4 Bxc3 21.
dxc3 Bxb5 22. Qxd8 Rbxd8 23. Rfb1 Rd6 24. Nd5 Bc4 25. Rd1 Kg7 26. Nf4 Rfd8 27.
Nxe6+ Bxe6 28. Rxd6 Rxd6 29. h4 f5 30. Bf3 Rd3 31. Rc1 Kf6 32. Kf1 Rd2 33. Ke1
Rb2 34. c4 Ke5 35. Be2 Kd6 36. Rd1+ Kc5 37. Rd4 Rb4 38. h5 c6 39. Kd2 Rb2+ 40.
Ke1 Ra2 41. hxg6 hxg6 42. g4 fxg4 43. Re4 Bf5 44. Re8 Bc2 45. Bxg4 Bd3 46. Re5+
Kb4 47. Re6 b5 48. cxb5 cxb5 49. Rc6 Bc4 50. e4 Kc3 51. e5 Ra1+ 52. Bd1 Ra7 53.
e6 Re7 54. Be2 Kd4 55. Bg4 b4 56. Kd2 Re8 57. f4 Bd5 58. Rb6 Kc5 59. Ra6 Bc4
60. Ra5+ Kd6 61. Ra4 Rg8 62. Ra7 b3 63. Rd7+ Kc5 64. Rc7+ Kd4 65. e7 b2 66. Rb7
Re8 67. Kc2 Bd5 68. Rxb2 Rxe7 69. Kd2 Rh7 70. Rb4+ Kc5 71. Ra4 Bc6 72. Ra6 Kd6
73. f5 Rh2+ 74. Ke1 Rg2 75. Be2 gxf5 76. Rxc6+ Ke5 77. Rc8 Ke4 78. Bf1 Rb2 79.
Rd8 1/2-1/2

[Event "XIV Festival A"]
[Site "Trieste ITA"]
[Date "2012.09.07"]
[Round "8"]
[White "Erwich, Frans A.G.M."]
[Black "Beletic, Daniel"]
[WhiteElo "2005"]
[BlackElo "2230"]
[Result "1-0"]
[PlyCount "73"]
[EventDate "2012.09.01"]

1. e4 c5 2. Nf3 d6 3. d4 cxd4 4. Nxd4 Nf6 5. Nc3 g6 6. Be3 Bg7 7. f3 O-O 8. Qd2
Nc6 9. Bc4 Bd7 10. O-O-O Ne5 11. Bb3 Qa5 12. Kb1 Rfc8 13. h4 Nc4 14. Bxc4 Rxc4
15. h5 Nxh5 16. g4 Nf6 17. Nb3 Qc7 18. e5 Nxg4 19. exd6 exd6 20. Nd5 Qd8 21.
fxg4 Bxg4 22. Rdf1 Rac8 23. Bg5 Rxc2 24. Bxd8 Rxd2 25. Nxd2 Rxd8 26. a3 Be6 27.
Nf4 Bf5+ 28. Ka2 d5 29. Rc1 d4 30. Rc5 d3 31. Rxf5 gxf5 32. Rh3 Rd4 33. Nxd3
Bf6 34. Kb3 h5 35. Kc2 h4 36. Nf3 Kg7 37. Nxd4 1-0

[Event "XIV Festival A"]
[Site "Trieste ITA"]
[Date "2012.09.07"]
[Round "8"]
[White "Ivanovic, Andrej"]
[Black "Suc, Timothy"]
[WhiteElo "2107"]
[BlackElo "2135"]
[Result "1/2-1/2"]
[PlyCount "62"]
[EventDate "2012.09.01"]

1. d4 d5 2. Nf3 c5 3. dxc5 Nf6 4. b4 a5 5. c3 e6 6. e3 b6 7. Bb5+ Bd7 8. Bxd7+
Nfxd7 9. cxb6 Qxb6 10. O-O axb4 11. cxb4 Bxb4 12. Bb2 O-O 13. Nbd2 Nc6 14. Nb3
Na5 15. e4 Nc4 16. Bd4 Qd6 17. exd5 Qxd5 18. Qe2 e5 19. Rac1 Rac8 20. Ba1 h6
21. Rfd1 Qe6 22. Rxd7 Qxd7 23. Rxc4 Rxc4 24. Qxc4 Qd1+ 25. Qf1 Rd8 26. Bxe5 Qc2
27. Bd4 Qxa2 28. Qd1 Bc3 29. g3 Qa4 30. Qc2 Bxd4 31. Nbxd4 Rxd4 1/2-1/2

[Event "XIV Festival A"]
[Site "Trieste ITA"]
[Date "2012.09.07"]
[Round "8"]
[White "Jovanic, Ognjen"]
[Black "Vorobiov, Evgeny E."]
[WhiteElo "2511"]
[BlackElo "2594"]
[Result "1/2-1/2"]
[PlyCount "80"]
[EventDate "2012.09.01"]

1. d4 Nf6 2. c4 e6 3. Nf3 d5 4. Nc3 dxc4 5. e4 Bb4 6. Bg5 c5 7. Bxc4 cxd4 8.
Nxd4 Qa5 9. Bxf6 gxf6 10. O-O Bd7 11. Rc1 a6 12. a3 Bxc3 13. Rxc3 Nc6 14. Nb3
Qb6 15. Qh5 Ne5 16. Be2 Rc8 17. Rxc8+ Bxc8 18. Qh3 Bd7 19. Qc3 Ke7 20. Nc5 Bc6
21. b4 Rc8 22. f4 Nd7 23. e5 fxe5 24. fxe5 Nxc5 25. bxc5 Be4 26. Rc1 Qc6 27.
Qg3 Qd5 28. Qg5+ Kf8 29. Kh1 Qd4 30. Qf6 Qd2 31. Rf1 Bxg2+ 32. Kxg2 Qxe2+ 33.
Kh1 Qe4+ 34. Rf3 Qb1+ 35. Rf1 Qe4+ 36. Rf3 Qg6 37. Qh8+ Qg8 38. Qf6 Qg6 39.
Qh8+ Qg8 40. Qf6 Qg6 1/2-1/2

[Event "XIV Festival A"]
[Site "Trieste ITA"]
[Date "2012.09.07"]
[Round "8"]
[White "Laco, Giuseppe"]
[Black "Srebrnic, Vojko"]
[WhiteElo "2085"]
[BlackElo "2207"]
[Result "0-1"]
[PlyCount "92"]
[EventDate "2012.09.01"]

1. c4 c5 2. Nc3 g6 3. g3 Bg7 4. Bg2 Nc6 5. d3 d6 6. e4 Nf6 7. Nge2 O-O 8. O-O
a6 9. h3 Rb8 10. a4 Ne8 11. Kh2 Nc7 12. f4 Ne6 13. g4 Ned4 14. Nxd4 Nxd4 15.
Ne2 b5 16. Nxd4 Bxd4 17. Ra2 bxc4 18. dxc4 Qb6 19. Rf3 f6 20. b3 Bb7 21. Rd3
Kg7 22. h4 h6 23. Bf3 Rh8 24. Kg3 e5 25. f5 h5 26. Qe2 Rbg8 27. g5 gxf5 28. a5
f4+ 29. Kh2 Qd8 30. Qe1 Kf8 31. Rxd4 cxd4 32. Qb4 Bc8 33. Ba3 Kf7 34. Qxd6 Qxd6
35. Bxd6 Ke6 36. Bb4 fxg5 37. hxg5 Rxg5 38. Be1 Kd6 39. b4 Bg4 40. Bg2 Rb8 41.
Bf1 Bf3 42. Bd3 Rbg8 43. Bf2 Rg2+ 44. Kh3 R8g3+ 45. Bxg3 Rxa2 46. c5+ Kc7 0-1

[Event "XIV Festival A"]
[Site "Trieste ITA"]
[Date "2012.09.07"]
[Round "8"]
[White "Matijevic, Filip"]
[Black "Bernard, Jacques"]
[WhiteElo "2132"]
[BlackElo "2224"]
[Result "1-0"]
[PlyCount "85"]
[EventDate "2012.09.01"]

1. e4 c5 2. Nf3 e6 3. d4 cxd4 4. Nxd4 Nf6 5. Nc3 Qb6 6. Nb3 Bb4 7. Bd3 Bxc3+ 8.
bxc3 d6 9. O-O e5 10. Bg5 Nbd7 11. Nd2 O-O 12. Nc4 Qc6 13. Ne3 Nxe4 14. Nf5 Qa4
15. Bxe4 Qxe4 16. Nxd6 Qc6 17. Be7 Nb6 18. Bxf8 Kxf8 19. Nxc8 Rxc8 20. Qh5 Qxc3
21. Qxh7 f6 22. Qe4 Rc7 23. f4 Nc4 24. Qd3 Ne3 25. Qxc3 Rxc3 26. Rf3 exf4 27.
Rxf4 Rxc2 28. Rf2 Rc5 29. a4 b6 30. Rd2 Ra5 31. Re1 Nd5 32. Red1 Nc3 33. Rd8+
Kf7 34. R1d7+ Ke6 35. Rxg7 Rxa4 36. Rdd7 a5 37. g4 Nd5 38. h4 Rxg4+ 39. Rxg4
Kxd7 40. h5 f5 41. Rd4 Ke6 42. Rxd5 Kxd5 43. h6 1-0

[Event "XIV Festival A"]
[Site "Trieste ITA"]
[Date "2012.09.07"]
[Round "8"]
[White "Plenca, Jadranko"]
[Black "Mazet, Julien"]
[WhiteElo "2049"]
[BlackElo "2128"]
[Result "1/2-1/2"]
[PlyCount "40"]
[EventDate "2012.09.01"]

1. e4 c5 2. Nf3 Nc6 3. c3 d5 4. exd5 Qxd5 5. d4 Bg4 6. Be2 cxd4 7. cxd4 e6 8.
O-O Nf6 9. Nc3 Qa5 10. Be3 Be7 11. h3 Bh5 12. Nd2 Bxe2 13. Qxe2 O-O 14. a3 Rac8
15. b4 Qd8 16. Qd3 a6 17. Rac1 Ne5 18. Qe2 Ned7 19. Nb3 Nb6 20. Nc5 Bxc5
1/2-1/2

[Event "XIV Festival A"]
[Site "Trieste ITA"]
[Date "2012.09.07"]
[Round "8"]
[White "Plenca, Julijan"]
[Black "Capaliku, Aleks"]
[WhiteElo "2336"]
[BlackElo "2114"]
[Result "1-0"]
[PlyCount "49"]
[EventDate "2012.09.01"]

1. d4 d5 2. c4 e6 3. Nc3 f5 4. g4 fxg4 5. h3 g3 6. Be3 gxf2+ 7. Bxf2 Nf6 8. Bg2
c6 9. Qc2 Bb4 10. a3 Qa5 11. Nf3 Ne4 12. O-O Bxc3 13. Ne5 Nxf2 14. bxc3 Ne4 15.
Bxe4 dxe4 16. Qxe4 Nd7 17. Nf7 Nf6 18. Nd6+ Ke7 19. Qg2 g6 20. Rxf6 Kxf6 21.
Rf1+ Kg7 22. Rf7+ Kg8 23. c5 e5 24. Qg5 Be6 25. Qf6 1-0

[Event "XIV Festival A"]
[Site "Trieste ITA"]
[Date "2012.09.07"]
[Round "8"]
[White "Pregarac, Valter"]
[Black "Bergez, Luc"]
[WhiteElo "2181"]
[BlackElo "2406"]
[Result "1/2-1/2"]
[PlyCount "97"]
[EventDate "2012.09.01"]

1. d4 Nf6 2. c4 g6 3. Nc3 Bg7 4. e4 O-O 5. Nf3 d6 6. h3 e5 7. d5 Nh5 8. Nd2 Qe8
9. g3 f5 10. Be2 Nf6 11. g4 Na6 12. Rg1 Kh8 13. gxf5 gxf5 14. a3 Nc5 15. b4
Ncxe4 16. Ndxe4 fxe4 17. Rg3 c6 18. Be3 Bf5 19. dxc6 Qxc6 20. Nb5 Rad8 21. Nxa7
Qe8 22. Nb5 Qe6 23. Nc7 Qf7 24. Nd5 Be6 25. Nb6 Ng8 26. Bh5 Qc7 27. Bg4 Bf7 28.
Bf5 Nf6 29. Rc1 Rg8 30. Nd5 Nxd5 31. cxd5 Qe7 32. Bg5 Bf6 33. Rc7 Bxg5 34. Rxe7
Bxe7 35. Bxe4 Bg5 36. Qd3 Rc8 37. Qf3 Bf4 38. Rxg8+ Rxg8 39. Qd3 Rg1+ 40. Ke2
Bh5+ 41. Bf3 Be8 42. Bg4 Ra1 43. h4 Bg6 44. Qb5 Rxa3 45. h5 Bd3+ 46. Qxd3 Rxd3
47. Kxd3 Kg7 48. b5 Kf6 49. Ke4 1/2-1/2

[Event "XIV Festival A"]
[Site "Trieste ITA"]
[Date "2012.09.07"]
[Round "8"]
[White "Santeramo, Alessia Carmen"]
[Black "Litrico, Paolo"]
[WhiteElo "1866"]
[BlackElo "1976"]
[Result "0-1"]
[PlyCount "112"]
[EventDate "2012.09.01"]

1. e4 e5 2. Nf3 Nc6 3. Bb5 a6 4. Ba4 Nf6 5. O-O Nxe4 6. d4 b5 7. Bb3 d5 8. dxe5
Be6 9. c3 Bc5 10. Nbd2 O-O 11. Bc2 Nxf2 12. Rxf2 f6 13. exf6 Qxf6 14. Nb3 Bxf2+
15. Kxf2 Ne5 16. Kg1 Nxf3+ 17. Qxf3 Qh4 18. Qg3 Qxg3 19. hxg3 Rae8 20. Bf4 c6
21. Nc5 Bc8 22. a4 Re2 23. Bd1 Re1+ 24. Kf2 Rh1 25. Ke2 Bg4+ 26. Kd2 g5 27.
Bxg4 Rxa1 28. Be6+ Kg7 29. Be5+ Kh6 30. g4 Rf2+ 31. Ke3 Rxb2 32. Bd6 Re1+ 33.
Kf3 Rxe6 34. Nxe6 bxa4 35. Nd4 Ra2 36. Nxc6 a3 37. c4 dxc4 38. Ne5 Kg7 39. Nxc4
Kf7 40. Nxa3 Ke6 41. Bc5 a5 42. g3 a4 43. Ke3 Rb2 44. Kf3 Kd5 45. Be7 Rb7 46.
Bxg5 Rb3+ 47. Kf4 Rxa3 48. Bf6 Ke6 49. g5 Rb3 50. Kg4 a3 51. Kh5 Rxg3 52. Kh6
Rh3+ 53. Kg7 a2 54. Bd4 Rh1 55. Bc3 Kd5 56. Bb2 Kc4 0-1

[Event "XIV Festival A"]
[Site "Trieste ITA"]
[Date "2012.09.07"]
[Round "8"]
[White "Tesic, Dragan"]
[Black "Ceschia, Ivano"]
[WhiteElo "2348"]
[BlackElo "2291"]
[Result "1-0"]
[PlyCount "67"]
[EventDate "2012.09.01"]

1. d4 Nf6 2. Nf3 e6 3. c4 d5 4. Nc3 c5 5. cxd5 exd5 6. g3 Nc6 7. Bg2 Be7 8. O-O
O-O 9. Bg5 c4 10. Ne5 Be6 11. Nxc6 bxc6 12. b3 Qa5 13. Qc2 Bb4 14. Bd2 Qa6 15.
Rfd1 Rfe8 16. Na4 cxb3 17. axb3 Bxd2 18. Qxd2 Bg4 19. Nc3 Qb6 20. h3 Bh5 21.
Rdb1 Re7 22. e3 Bg6 23. Rb2 Rae8 24. b4 h5 25. b5 h4 26. g4 Ne4 27. Nxe4 Bxe4
28. Ra6 Qb7 29. Rxc6 Bxg2 30. Kxg2 Qd7 31. Qe2 Re4 32. Qf3 a6 33. Rxa6 Rb8 34.
Qf5 1-0

[Event "XIV Festival A"]
[Site "Trieste ITA"]
[Date "2012.09.07"]
[Round "8"]
[White "Tonel, Giulia"]
[Black "Granaldi, Alessandro"]
[WhiteElo "1975"]
[BlackElo "2105"]
[Result "0-1"]
[PlyCount "58"]
[EventDate "2012.09.01"]

1. d4 Nf6 2. c4 c5 3. Nf3 cxd4 4. Nxd4 e5 5. Nb5 d5 6. cxd5 Bc5 7. N5c3 O-O 8.
g3 Bf5 9. Bg2 e4 10. e3 Qe7 11. O-O Nbd7 12. a3 g6 13. b4 Bd6 14. Bb2 Ne5 15.
Nd2 Nd3 16. Qb3 Nxb2 17. Qxb2 Be5 18. Rac1 Rac8 19. Qb3 Bxc3 20. Rxc3 Rxc3 21.
Qxc3 Rc8 22. Qb3 Qe5 23. Rd1 Bg4 24. f3 exf3 25. Nxf3 Bxf3 26. Bxf3 Rc3 27.
Qxc3 Qxc3 28. Kf2 Qc2+ 29. Kg1 Ne4 0-1

[Event "XIV Festival A"]
[Site "Trieste ITA"]
[Date "2012.09.07"]
[Round "8"]
[White "Vesce, Emanuele"]
[Black "Castelfranchi, Carlo"]
[WhiteElo "1903"]
[BlackElo "2073"]
[Result "0-1"]
[PlyCount "54"]
[EventDate "2012.09.01"]

1. e4 c5 2. Nf3 d6 3. d4 cxd4 4. Nxd4 Nf6 5. Nc3 a6 6. Bg5 e6 7. f4 b5 8. e5
dxe5 9. fxe5 Qc7 10. Qe2 Nfd7 11. O-O-O Nc6 12. Nxc6 Qxc6 13. Ne4 Bb7 14. Nd6+
Bxd6 15. Rxd6 Qc7 16. Qh5 Be4 17. Bd3 Bxd3 18. Rxd3 Nxe5 19. Rc3 Nc4 20. Re1
O-O 21. Rh3 h6 22. Bxh6 Qa5 23. c3 Qxa2 24. Re2 Rad8 25. Rd3 Rxd3 26. Bxg7 Qa1+
27. Kc2 Qd1# 0-1

[Event "XIV Festival A"]
[Site "Trieste ITA"]
[Date "2012.09.08"]
[Round "9"]
[White "Ashiku, Franc"]
[Black "Oparin, Grigoriy"]
[WhiteElo "2159"]
[BlackElo "2490"]
[Result "0-1"]
[PlyCount "82"]
[EventDate "2012.09.01"]

1. e4 c5 2. Nf3 d6 3. d4 cxd4 4. Qxd4 Nc6 5. Bb5 Bd7 6. Bxc6 Bxc6 7. Nc3 Nf6 8.
Bg5 e6 9. O-O-O Be7 10. Rhe1 O-O 11. Kb1 h6 12. Bxf6 Bxf6 13. Qxd6 Qa5 14. Qd2
Qc7 15. Qe3 Rfd8 16. e5 Rxd1+ 17. Nxd1 Be7 18. Nc3 Rd8 19. Rd1 Rxd1+ 20. Nxd1
Qa5 21. a3 Bc5 22. Qe2 Bb6 23. Ne1 g5 24. g3 Qd5 25. Kc1 Kg7 26. c4 Qh1 27. f3
Bg1 28. g4 Bxh2 29. Nf2 Bxf3 30. Qxf3 Qxe1+ 31. Kc2 Qxe5 32. Nd3 Qd4 33. Kb3 b6
34. Kb4 a6 35. Kb3 Bd6 36. Nb4 a5 37. Nc6 a4+ 38. Kxa4 Qxc4+ 39. Nb4 Bxb4 40.
axb4 Qa2+ 41. Kb5 Qd5+ 0-1

[Event "XIV Festival A"]
[Site "Trieste ITA"]
[Date "2012.09.08"]
[Round "9"]
[White "Bergez, Luc"]
[Black "Erwich, Frans A.G.M."]
[WhiteElo "2406"]
[BlackElo "2005"]
[Result "1-0"]
[PlyCount "51"]
[EventDate "2012.09.01"]

1. e4 c5 2. Nf3 e6 3. b3 b6 4. Bb2 Bb7 5. Qe2 d6 6. d4 cxd4 7. Nxd4 Nf6 8. Nc3
Be7 9. O-O-O Nbd7 10. g4 Nc5 11. Bg2 Qb8 12. g5 Nfd7 13. h4 g6 14. Qe3 e5 15.
Nde2 Ne6 16. Nd5 Nc7 17. Nxe7 Kxe7 18. Ba3 Nb5 19. Bb2 a5 20. a4 Nc7 21. f4 Rd8
22. h5 b5 23. fxe5 Nxe5 24. Bxe5 dxe5 25. Qc5+ Ke8 26. Qxe5+ 1-0

[Event "XIV Festival A"]
[Site "Trieste ITA"]
[Date "2012.09.08"]
[Round "9"]
[White "Bernard, Jacques"]
[Black "Vesce, Emanuele"]
[WhiteElo "2224"]
[BlackElo "1903"]
[Result "1-0"]
[PlyCount "37"]
[EventDate "2012.09.01"]

1. e4 c5 2. Nf3 d6 3. d4 cxd4 4. Nxd4 Nf6 5. Nc3 a6 6. Bg5 e6 7. Qd3 Be7 8.
O-O-O Nbd7 9. f4 Qc7 10. Be2 Nb6 11. Qg3 Rg8 12. e5 dxe5 13. fxe5 Nfd5 14. Bxe7
Nxc3 15. Bd6 Nxe2+ 16. Nxe2 Qc4 17. Qg5 f6 18. Qh5+ Kd8 19. Qf7 1-0

[Event "XIV Festival A"]
[Site "Trieste ITA"]
[Date "2012.09.08"]
[Round "9"]
[White "Bosiocic, Marin"]
[Black "Drazic, Sinisa"]
[WhiteElo "2577"]
[BlackElo "2511"]
[Result "1-0"]
[PlyCount "75"]
[EventDate "2012.09.01"]

1. d4 d6 2. Nf3 Bg4 3. c4 Bxf3 4. exf3 Nd7 5. Be2 g6 6. Nc3 Bg7 7. Be3 c6 8. g4
a6 9. h4 h5 10. g5 e6 11. Ne4 Nb6 12. Bf4 Nc8 13. Qb3 Ra7 14. d5 exd5 15. cxd5
c5 16. a4 Nge7 17. Bd3 Nf5 18. Nf6+ Bxf6 19. Bxf5 Ne7 20. Bh3 Bd4 21. a5 O-O
22. O-O Re8 23. Rfd1 Qc7 24. Qa4 Raa8 25. Rxd4 cxd4 26. Qxd4 Rad8 27. b4 Qc2
28. Bd2 Nf5 29. Bxf5 Qxf5 30. Bc3 Qe5 31. Qc4 Qf5 32. Qd4 Qe5 33. Qc4 Qe2 34.
Qf4 Re5 35. Qf6 Rd7 36. Rc1 Rde7 37. Bxe5 Rxe5 38. Rc7 1-0

[Event "XIV Festival A"]
[Site "Trieste ITA"]
[Date "2012.09.08"]
[Round "9"]
[White "Capaliku, Aleks"]
[Black "Basso, Pier Luigi"]
[WhiteElo "2114"]
[BlackElo "2112"]
[Result "1-0"]
[PlyCount "69"]
[EventDate "2012.09.01"]

1. d4 Nf6 2. e3 e6 3. Bd3 d5 4. f4 b6 5. Nf3 Bd6 6. O-O O-O 7. Nbd2 Ba6 8. Bxa6
Nxa6 9. c3 c5 10. Ne5 b5 11. Qe2 Qb6 12. g4 Bxe5 13. fxe5 Nd7 14. g5 f6 15.
gxf6 gxf6 16. Rf3 fxe5 17. Rg3+ Kh8 18. Nf3 Qd8 19. dxe5 Rg8 20. e4 Rxg3+ 21.
hxg3 Qg8 22. Kf2 Nc7 23. Bf4 Qg6 24. Rh1 Rf8 25. Rh6 Qg7 26. Rh5 Qg6 27. Ng5
Nxe5 28. Rxh7+ Kg8 29. Ke1 Nf7 30. Rh5 Rc8 31. Nxf7 Kxf7 32. Rh6 Qg7 33. Qh5+
Kg8 34. Be5 Qxh6 35. Qxh6 1-0

[Event "XIV Festival A"]
[Site "Trieste ITA"]
[Date "2012.09.08"]
[Round "9"]
[White "Franca, Veronika"]
[Black "Mocchi, Tullio"]
[WhiteElo "1952"]
[BlackElo "2259"]
[Result "0-1"]
[PlyCount "222"]
[EventDate "2012.09.01"]

1. d4 Nf6 2. c4 e6 3. Nc3 Bb4 4. e3 c5 5. Bd3 Nc6 6. Nf3 Bxc3+ 7. bxc3 d6 8.
O-O O-O 9. e4 e5 10. d5 Ne7 11. Bg5 Ng6 12. Nh4 Nxh4 13. Bxh4 h6 14. f3 g5 15.
Be1 Kh8 16. Bd2 Rg8 17. Kf2 Qf8 18. g3 Qe7 19. Qc2 Bh3 20. Rg1 Bd7 21. Rae1 Rg6
22. Re2 Kg7 23. Ke1 Rh8 24. Kd1 Qd8 25. Kc1 Kf8 26. Ree1 Rhg8 27. Qb2 Qc7 28.
Kb1 Ke7 29. Ka1 Kd8 30. Rb1 Kc8 31. Qa3 Kb8 32. Rbe1 a6 33. Rb1 Ka7 34. Rb2 Bc8
35. Rgb1 Re8 36. Qb3 Re7 37. Re1 Rg8 38. Bc1 Bh3 39. Rbe2 Ree8 40. Qc2 h5 41.
Bd2 Nd7 42. Qc1 Qa5 43. Qb2 f6 44. Rg1 Re7 45. Re3 Rh7 46. Qc2 Nf8 47. Qd1 Ng6
48. Ree1 Ne7 49. Qc2 Bd7 50. Rgf1 Rhg7 51. Rf2 Nc8 52. Rff1 Nb6 53. Rf2 Ba4 54.
Qb2 Be8 55. Qc2 Qa4 56. Qb3 Qxb3 57. axb3 Kb8 58. Kb2 Bd7 59. Ree2 Nc8 60. Re1
Kc7 61. Ree2 Kd8 62. Re1 Ne7 63. Ree2 Kc7 64. Kc2 Rh8 65. Re1 Rb8 66. Ra1 Rf8
67. Re1 f5 68. exf5 Bxf5 69. Be3 Bd7 70. Ree2 Ng8 71. f4 exf4 72. gxf4 g4 73.
Rg2 Rff7 74. Re1 Ne7 75. Reg1 Nf5 76. Bf2 Re7 77. Kd2 Rgf7 78. Re1 Rxe1 79.
Bxe1 Re7 80. Bf2 a5 81. Rg1 b6 82. Ra1 Re8 83. Rg1 Re7 84. Bf1 Rg7 85. Bd3 Re7
86. Bxf5 Bxf5 87. Bh4 Re4 88. Bg3 a4 89. bxa4 Rxc4 90. Ra1 Kb7 91. a5 b5 92.
a6+ Ka7 93. Bh4 Rxf4 94. Bg3 Ra4 95. Rxa4 bxa4 96. Bxd6 c4 97. Ke3 Kxa6 98. Kf4
Bd7 99. Kg5 Be8 100. Bb4 Kb7 101. Kh4 Kc7 102. d6+ Kd7 103. h3 gxh3 104. Kxh3
Ke6 105. Kh4 Kd5 106. d7 Bxd7 107. Kxh5 Ke4 108. Kg5 Kd3 109. Kf4 Kc2 110. Ke5
Be8 111. Kd4 Bf7 0-1

[Event "XIV Festival A"]
[Site "Trieste ITA"]
[Date "2012.09.08"]
[Round "9"]
[White "Granaldi, Alessandro"]
[Black "Ceschia, Ivano"]
[WhiteElo "2105"]
[BlackElo "2291"]
[Result "1/2-1/2"]
[PlyCount "60"]
[EventDate "2012.09.01"]

1. d4 Nf6 2. Nf3 d5 3. c4 g6 4. cxd5 Nxd5 5. e4 Nb6 6. Nc3 Bg7 7. h3 O-O 8. Be3
c6 9. Rc1 Be6 10. b3 h6 11. Qd2 Kh7 12. g4 a5 13. Bd3 a4 14. Ng5+ hxg5 15. h4
Bxg4 16. hxg5+ Kg8 17. f3 Bxf3 18. Rh3 Bh5 19. e5 Nd5 20. Rxh5 gxh5 21. Qh2 Qd7
22. Nxd5 cxd5 23. Qxh5 Rc8 24. g6 Rxc1+ 25. Bxc1 fxg6 26. Qxg6 Ra6 27. Bxa6
Nxa6 28. e6 Qc8 29. Qf7+ Kh8 30. Qh5+ Kg8 1/2-1/2

[Event "XIV Festival A"]
[Site "Trieste ITA"]
[Date "2012.09.08"]
[Round "9"]
[White "Ivanovic, Andrej"]
[Black "Bisi, Samuele"]
[WhiteElo "2107"]
[BlackElo "2050"]
[Result "1-0"]
[PlyCount "65"]
[EventDate "2012.09.01"]

1. d4 Nf6 2. c4 e6 3. Nc3 c5 4. d5 exd5 5. cxd5 d6 6. Nf3 g6 7. Bf4 Bg7 8. e3
O-O 9. h3 Na6 10. Bxa6 bxa6 11. Nd2 Rb8 12. Nc4 Ne8 13. Qd3 a5 14. Rc1 Ba6 15.
b3 f5 16. O-O Nf6 17. Rfd1 Bxc4 18. Qxc4 Nh5 19. Bh2 Rb4 20. Qf1 f4 21. exf4
Nxf4 22. Ne2 g5 23. Nxf4 gxf4 24. Rc4 f3 25. gxf3 Rxf3 26. Qg2 Rf5 27. Rg4 Rxg4
28. hxg4 Rf7 29. Re1 Bd4 30. Bg3 Re7 31. Re6 Rxe6 32. dxe6 Be5 33. Qd5 1-0

[Event "XIV Festival A"]
[Site "Trieste ITA"]
[Date "2012.09.08"]
[Round "9"]
[White "Litrico, Paolo"]
[Black "Castelfranchi, Carlo"]
[WhiteElo "1976"]
[BlackElo "2073"]
[Result "1-0"]
[PlyCount "67"]
[EventDate "2012.09.01"]

1. d4 Nf6 2. Nf3 g6 3. Nc3 d5 4. Bf4 Bg7 5. e3 O-O 6. Be2 c5 7. Ne5 Nc6 8. O-O
cxd4 9. exd4 Nd7 10. Nxc6 bxc6 11. Na4 e5 12. Be3 Re8 13. c3 Qh4 14. Re1 Rb8
15. g3 Qe7 16. dxe5 Nxe5 17. Bd4 Bf5 18. Bf1 Nf3+ 19. Qxf3 Qxe1 20. Rxe1 Rxe1
21. g4 Be4 22. Qg3 Re8 23. Nc5 Bb1 24. Kg2 Bxd4 25. cxd4 Rd1 26. Qb3 Rxd4 27.
h3 Rf4 28. Bd3 Bxd3 29. Nxd3 Rfe4 30. Qb7 Re2 31. Qxc6 d4 32. Qc5 Rd8 33. Qxa7
Rd2 34. Qa5 1-0

[Event "XIV Festival A"]
[Site "Trieste ITA"]
[Date "2012.09.08"]
[Round "9"]
[White "Manca, Federico"]
[Black "Jovanic, Ognjen"]
[WhiteElo "2421"]
[BlackElo "2511"]
[Result "1/2-1/2"]
[PlyCount "90"]
[EventDate "2012.09.01"]

1. e4 e5 2. Nf3 Nc6 3. Bb5 a6 4. Ba4 Nge7 5. c3 g6 6. d4 exd4 7. cxd4 b5 8. Bb3
Bg7 9. Nc3 d6 10. h3 O-O 11. O-O Na5 12. Bc2 c5 13. d5 h6 14. Rb1 Bd7 15. Ne2
f5 16. Nf4 Nc4 17. exf5 Bxf5 18. Bxf5 Rxf5 19. b3 Ne5 20. Nh4 Rf7 21. Ne6 Qb6
22. Bb2 Bf6 23. f4 Nd7 24. Bxf6 Nxf6 25. Kh2 Qb7 26. Qc2 Kh7 27. Rbd1 Rg8 28.
Rd3 Nexd5 29. Rdf3 Nb4 30. Qe2 Nbd5 31. f5 g5 32. Ng6 Ne7 33. Qd3 Qd7 34. Rg3
c4 35. bxc4 bxc4 36. Qxc4 Nxg6 37. fxg6+ Rxg6 38. Rgf3 d5 39. Qxa6 Ng4+ 40.
hxg4 Rxf3 41. gxf3 Rxe6 42. Qd3+ Kg8 43. Rd1 Qd6+ 44. Kg2 Qe5 45. Qxd5 Qxd5
1/2-1/2

[Event "XIV Festival A"]
[Site "Trieste ITA"]
[Date "2012.09.08"]
[Round "9"]
[White "Mazet, Julien"]
[Black "Laco, Giuseppe"]
[WhiteElo "2128"]
[BlackElo "2085"]
[Result "1-0"]
[PlyCount "75"]
[EventDate "2012.09.01"]

1. d4 f5 2. g3 Nf6 3. Bg2 c6 4. Nf3 g6 5. O-O Bg7 6. c4 d6 7. Nc3 O-O 8. d5 e5
9. dxe6 Bxe6 10. Qd3 Qe7 11. Bf4 Rd8 12. Rad1 Bf8 13. e4 Na6 14. exf5 Bxf5 15.
Qd4 Nc5 16. Rfe1 Ne6 17. Qd2 Qg7 18. Nd4 Nxd4 19. Qxd4 g5 20. Be3 h6 21. h3 Rd7
22. g4 Bg6 23. f4 Bf7 24. fxg5 hxg5 25. b3 Re8 26. Qd2 Rde7 27. Bxa7 Rxe1+ 28.
Rxe1 Rxe1+ 29. Qxe1 Nxg4 30. hxg4 c5 31. Qd2 Qe5 32. Bb8 Bg7 33. Bxd6 Qxc3 34.
Qxc3 Bxc3 35. Bxc5 Be6 36. Bxb7 Bxg4 37. b4 Kf7 38. a4 1-0

[Event "XIV Festival A"]
[Site "Trieste ITA"]
[Date "2012.09.08"]
[Round "9"]
[White "Plenca, Julijan"]
[Black "Erwich, Frank A.S."]
[WhiteElo "2336"]
[BlackElo "2359"]
[Result "1/2-1/2"]
[PlyCount "33"]
[EventDate "2012.09.01"]

1. Nf3 Nf6 2. g3 b6 3. d3 d5 4. Bg2 Bb7 5. O-O e6 6. c4 Nbd7 7. Nc3 Be7 8. cxd5
Nxd5 9. Nxd5 Bxd5 10. Qc2 c5 11. a4 Rc8 12. Bf4 e5 13. e4 exf4 14. exd5 O-O 15.
Qc4 Bd6 16. Rfe1 Qf6 17. d4 1/2-1/2

[Event "XIV Festival A"]
[Site "Trieste ITA"]
[Date "2012.09.08"]
[Round "9"]
[White "Rombaldoni, Axel"]
[Black "Leroy, Didier"]
[WhiteElo "2458"]
[BlackElo "2285"]
[Result "1-0"]
[PlyCount "67"]
[EventDate "2012.09.01"]

1. d4 e6 2. e4 d5 3. Nc3 dxe4 4. Nxe4 Nd7 5. g3 Ngf6 6. Nxf6+ Nxf6 7. Bg2 c5 8.
Nf3 Be7 9. O-O cxd4 10. Qxd4 O-O 11. Qxd8 Rxd8 12. c4 Nd7 13. Be3 a5 14. Rfd1
f6 15. Rd2 Nb8 16. Rxd8+ Bxd8 17. Rd1 Nc6 18. Ne5 fxe5 19. Bxc6 bxc6 20. Rxd8+
Kf7 21. a4 h6 22. Bc5 Kf6 23. Kf1 Bb7 24. Rxa8 Bxa8 25. Ke2 g5 26. g4 h5 27.
gxh5 Bb7 28. Ke3 Ba6 29. b3 Bc8 30. Ke4 Bd7 31. Bb6 Be8 32. Bxa5 Bxh5 33. Bd8+
Kf7 34. a5 1-0

[Event "XIV Festival A"]
[Site "Trieste ITA"]
[Date "2012.09.08"]
[Round "9"]
[White "Srebrnic, Vojko"]
[Black "Banusz, Tamas"]
[WhiteElo "2207"]
[BlackElo "2583"]
[Result "0-1"]
[PlyCount "84"]
[EventDate "2012.09.01"]

1. e4 e5 2. Bc4 Nf6 3. Nc3 Nc6 4. d3 Na5 5. Nge2 Be7 6. O-O c6 7. a3 Nxc4 8.
dxc4 O-O 9. Qd3 d6 10. f3 Be6 11. b3 Qc7 12. Bg5 h6 13. Bxf6 Bxf6 14. Rfd1 Be7
15. Ng3 g6 16. Nf1 f5 17. Ne3 Kg7 18. a4 Rad8 19. Qe2 Qb6 20. Kh1 fxe4 21. fxe4
Rf6 22. Rf1 Qd4 23. Qd3 Rdf8 24. Rxf6 Rxf6 25. Rd1 Bd8 26. Ne2 Qxd3 27. Rxd3
Rf2 28. Nc3 Bb6 29. Ncd1 Re2 30. h3 h5 31. Rxd6 Kf6 32. Rd3 a5 33. Kg1 Rxc2 34.
Kf1 Ra2 35. Nc3 Ra3 36. Ncd1 Kg5 37. Ke2 Ra2+ 38. Kf3 Bd4 39. Nc3 Rb2 40. Ne2
Bc5 41. Nc1 Kh4 42. Nd1 Bg4+ 0-1

[Event "XIV Festival A"]
[Site "Trieste ITA"]
[Date "2012.09.08"]
[Round "9"]
[White "Suc, Timothy"]
[Black "Tonel, Giulia"]
[WhiteElo "2135"]
[BlackElo "1975"]
[Result "1/2-1/2"]
[PlyCount "81"]
[EventDate "2012.09.01"]

1. e4 d6 2. d4 Nf6 3. Nc3 g6 4. f4 Bg7 5. Nf3 c5 6. dxc5 Qa5 7. Qd4 Nc6 8. Bb5
O-O 9. Bxc6 bxc6 10. Bd2 Nd7 11. Qe3 Ba6 12. Kf2 Nxc5 13. Rab1 Nd7 14. Rhe1 Nf6
15. h3 e5 16. fxe5 dxe5 17. Nd5 Nxe4+ 18. Qxe4 cxd5 19. Bxa5 dxe4 20. Rxe4 f5
21. Rxe5 Bxe5 22. Nxe5 Rac8 23. Bc3 Rfd8 24. Ke3 Bb7 25. g3 Be4 26. Kf4 Bxc2
27. Re1 Rd6 28. Re2 Bb1 29. a3 Ra6 30. Nd7 Ra4+ 31. Kg5 Kf7 32. Bb4 Rxb4 33.
axb4 Rc7 34. Ne5+ Kg7 35. Rd2 h6+ 36. Kf4 g5+ 37. Ke3 Kf6 38. Nd7+ Ke7 39. Ne5
Kf6 40. Nd7+ Ke7 41. Ne5 1/2-1/2